Rozdelenie železníc obmedzilo špekulácie s pohľadávkami

Rozdelením Železníc SR vznikli dve akciové spoločnosti - Železničná spoločnosť a Železnice SR (ŽSR). Nejasnosti v rozdelení majetku. Dlhy štátu železniciam. Problém nejednoznačnosti tzv. oprávnených nákladov. Odložené náklady. Obchod s pohľadávkami. Dlhy železníc dodávateľom.

Gespeichert in:
Bibliographische Detailangaben
1. Verfasser: Beer, Gabriel
Format: Buchkapitel
Sprache:Slowakisch
Schlagworte:
Tags: Tag hinzufügen
Keine Tags, Fügen Sie das erste Tag hinzu!

MARC

LEADER 00000naa a2200000 4500
001 r045859
005 20230921114038.0
041 0 |a slo 
044 |a SK 
245 1 0 |a Rozdelenie železníc obmedzilo špekulácie s pohľadávkami  |c Gabriel Beer 
520 |a Rozdelením Železníc SR vznikli dve akciové spoločnosti - Železničná spoločnosť a Železnice SR (ŽSR). Nejasnosti v rozdelení majetku. Dlhy štátu železniciam. Problém nejednoznačnosti tzv. oprávnených nákladov. Odložené náklady. Obchod s pohľadávkami. Dlhy železníc dodávateľom. 
610 2 0 |a železnice 
610 2 0 |a doprava železničná 
610 2 0 |a spoločnosti akciové 
610 2 0 |a rozdeľovanie 
610 2 0 |a majetok 
610 2 0 |a dlhy 
610 2 0 |a štát 
610 2 0 |a náklady 
610 2 0 |a pohľadávky 
610 2 0 |a dodávatelia 
610 2 0 |a Železničná spoločnosť 
610 2 0 |a Železnice SR 
100 1 |a Beer, Gabriel